Il Decameron / (Record no. 152276)

MARC details
000 -LEADER
campo de control de longitud fija 00672nam a22001935i 4500
001 - NÚMERO DE CONTROL
campo de control 152276
003 - IDENTIFICADOR DE NÚMERO DE CONTROL
campo de control ES-MaACL
005 - FECHA Y HORA DE LA ÚLTIMA TRANSACCIÓN
campo de control 20230906204622.0
008 - DATOS DE LONGITUD FIJA--INFORMACIÓN GENERAL
campo de control de longitud fija 051014s1877 it | |||||||| ||ita d
040 ## - FUENTE DE CATALOGACIÓN
Centro catalogador/agencia de origen CAM
Lengua de catalogación spa
Centro/agencia transcriptor CAM
100 1# - ENTRADA PRINCIPAL--NOMBRE DE PERSONA
Nombre de persona Boccacci, Giovanni.
9 (RLIN) 126029
245 13 - MENCIÓN DEL TÍTULO
Título Il Decameron /
Mención de responsabilidad, etc. di Giovanni Boccacci; riscontrato co'migliori testi e con note di P. Fanfani, E. Camerini ed altri.
250 ## - MENCION DE EDICION
Mención de edición 2ª ed. stereotipa.
260 ## - PUBLICACIÓN, DISTRIBUCIÓN, ETC.
Lugar de publicación, distribución, etc. Milano :
Nombre del editor, distribuidor, etc. Edoardo Sonzogno,
Fecha de publicación, distribución, etc. 1877.
300 ## - DESCRIPCIÓN FÍSICA
Extensión 2 v. (340; 383 p.) ;
Dimensiones 17 cm.
700 0# - ENTRADA AGREGADA--NOMBRE PERSONAL
Nombre de persona Fanfani, Pietro.
9 (RLIN) 48792
700 0# - ENTRADA AGREGADA--NOMBRE PERSONAL
Nombre de persona Camerini, Eugenio.
9 (RLIN) 34055
852 ## - LOCALIZACIÓN
Ubicación ES-MaACL
Número de control de estantería G-10418
Nota libre -- Enc. hol.
-- -- 2 t. en 1 v.
Holdings
Estatus retirado Estado de pérdida Estado de daño No para préstamo Colección Biblioteca de origen Biblioteca actual Ubicación en estantería Fecha de adquisición Fuente de adquisición Total de préstamos Signatura topográfica completa Código de barras Visto por última vez Precio de reemplazo Tipo de ítem Koha
        Libros del s. XIX Biblioteca del Ateneo de Madrid Biblioteca del Ateneo de Madrid Sala Pecera Planta 3 17/01/2008     G-10418 1158987 23/02/2023 23/02/2023 Libro impreso antiguo